Priorities in critical care nursing / (Record no. 26002)

000 -LEADER
fixed length control field 02457cam a2200361 a 4500
001 - CONTROL NUMBER
control field 16922562
005 - DATE AND TIME OF LATEST TRANSACTION
control field 20170201161136.0
008 - FIXED-LENGTH DATA ELEMENTS--GENERAL INFORMATION
fixed length control field 110815s2012 moua b 001 0 eng
010 ## - LIBRARY OF CONGRESS CONTROL NUMBER
LC control number 2011034430
020 ## - INTERNATIONAL STANDARD BOOK NUMBER
International Standard Book Number 9780323074612 (pbk. : alk. paper)
035 ## - SYSTEM CONTROL NUMBER
System control number (DNLM)101566944
040 ## - CATALOGING SOURCE
Original cataloging agency DNLM/DLC
Transcribing agency DLC
Modifying agency DLC
042 ## - AUTHENTICATION CODE
Authentication code pcc
050 00 - LIBRARY OF CONGRESS CALL NUMBER
Classification number RT120
Item number .U73 2012
060 10 - NATIONAL LIBRARY OF MEDICINE CALL NUMBER
Classification number WY 154
245 00 - TITLE STATEMENT
Title Priorities in critical care nursing /
Statement of responsibility, etc. Linda D. Urden, Kathleen M. Stacy, Mary E. Lough.
250 ## - EDITION STATEMENT
Edition statement 6th ed.
260 ## - PUBLICATION, DISTRIBUTION, ETC. (IMPRINT)
Place of publication, distribution, etc. St. Louis, Mo. :
Name of publisher, distributor, etc. Elsevier/Mosby,
Date of publication, distribution, etc. c2012.
300 ## - PHYSICAL DESCRIPTION
Extent 1 v. (various pagings) :
Other physical details ill. (chiefly col.) ;
Dimensions 28 cm.
504 ## - BIBLIOGRAPHY, ETC. NOTE
Bibliography, etc Includes bibliographical references and index.
505 0# - FORMATTED CONTENTS NOTE
Formatted contents note Caring for the critically ill patient -- Ethical and legal issues -- Patient and family education -- Psychosocial alterations -- Sleep alterations -- Nutritional alterations -- Gerontological alterations -- Pain and pain management -- Sedation, delirium, and alcohol withdrawal syndrome: assessment and management -- End-of-life care -- Cardiovascular clinical assessment and diagnostic procedures -- Cardiovascular disorders -- Cardiovascular therapeutic management -- Pulmonary clinical assessment and diagnostic procedures -- Pulmonary disorders -- Pulmonary therapeutic management -- Neurological clinical assessment and diagnostic procedures -- Neurological disorders and therapeutic management -- Renal clinical assessment and diagnostic procedures -- Renal disorders and therapeutic management -- Gastrointestinal clinical assessment and diagnostic procedures -- Gastrointestinal disorders and therapeutic management -- Endocrine clinical assessment and diagnostic procedures -- Endocrine disorders and therapeutic management -- Trauma -- Shock, sepsis, and multiple organ dysfunction syndrome -- Hematological disorders and oncological emergencies.
650 12 - SUBJECT ADDED ENTRY--TOPICAL TERM
Topical term or geographic name as entry element Critical Care.
650 12 - SUBJECT ADDED ENTRY--TOPICAL TERM
Topical term or geographic name as entry element Nursing Care.
650 22 - SUBJECT ADDED ENTRY--TOPICAL TERM
Topical term or geographic name as entry element Critical Illness
General subdivision nursing.
700 1# - ADDED ENTRY--PERSONAL NAME
Personal name Urden, Linda Diann.
700 1# - ADDED ENTRY--PERSONAL NAME
Personal name Stacy, Kathleen M.
700 1# - ADDED ENTRY--PERSONAL NAME
Personal name Lough, Mary E.
942 ## - ADDED ENTRY ELEMENTS (KOHA)
Source of classification or shelving scheme
Koha item type Hard Covered Materials
Classification part RT120 .U73 2012
Holdings
Withdrawn status Lost status Source of classification or shelving scheme Damaged status Not for loan Home library Current library Shelving location Date acquired Source of acquisition Total Checkouts Full call number Barcode Date last seen Price effective from Koha item type
          MACHAKOS UNIVERSITY LIBRARY MACHAKOS UNIVERSITY LIBRARY Technical section 01/02/2017 Donation(BFA)   RT120 .U73 2012 33668 07/08/2018 01/02/2017 Hard Covered Materials
© Machakos University Library, Along The Highway, Machakos Wote Rd, Machakos, Kenya P.O. Box 136 - 90100 Machakos - Kenya

Tel: ( +254 ) 723 805829 OR Fax : 044-20353 OR Email: library@mksu.ac.ke